000 00241nam a22001097a 4500
008 180730b xxu||||| |||| 00| 0 eng d
082 _a813.52
245 _aSystem-based practice
_cGME
260 _c2005
300 _a1
_fCD
942 _2ddc
_cMX
999 _c46674
_d46674